Región Noroeste : La quebrada de Humahuaca /
La quebrada de Humahuaca, patrimonio de la Humanidad. El gran caudal de Turismo como impacto económico y revalorización cultural. Sin embargo, la falta de planificación genera problemas y altera el paisaje humahuaqueño.
Guardado en:
| Autor Corporativo: | |
|---|---|
| Formato: | |
| Series: | Geografias
|
| Materias: | |
| Etiquetas: |
Agregar Etiqueta
Sin Etiquetas, Sea el primero en etiquetar este registro!
|
| LEADER | 01138ngm a22003015g 4500 | ||
|---|---|---|---|
| 001 | CEM.cems023081 | ||
| 008 | 130507b2005##################0###0#####d | ||
| 005 | 20241210144227.0 | ||
| 245 | 1 | 0 | |a Región Noroeste : |b La quebrada de Humahuaca / |c Canal Encuentro. |
| 300 | |a 15'. | ||
| 490 | 0 | |a Geografias | |
| 500 | |a Consultar en ventanilla. | ||
| 538 | |a Soporte: DVD - Color: Si - Grabación DRD 2012 | ||
| 520 | |a La quebrada de Humahuaca, patrimonio de la Humanidad. El gran caudal de Turismo como impacto económico y revalorización cultural. Sin embargo, la falta de planificación genera problemas y altera el paisaje humahuaqueño. | ||
| 590 | |a Identificación SIABUC: DVD Nº 58 - Cargado nuevamente en 982/VAC - ELIMINAR | ||
| 110 | 2 | |a Canal Encuentro. | |
| 082 | 9 | 1 | |/ YUN |
| 653 | |a GEOGRAFIA | ||
| 653 | |a GEOGRAFIAS | ||
| 653 | |a GEOGRAFIA ARGENTINA | ||
| 653 | |a JUJUY | ||
| 653 | |a HUMAHUACA | ||
| 653 | |a QUEBRADA DE HUMAHUACA | ||
| 653 | |a REGIONES | ||
| 653 | |a REGION NOROESTE | ||
| 653 | |a NOROESTE | ||
| 653 | |a NOROESTE ARGENTINO | ||
| 859 | |a CEMS |b BIB. CEMS - Depto. Recursos Didacticos |h 918 |i YUN |k DRD |p 1724.12 |t Ej.1 | ||
